| 000 | 01782nam a2200301 i 4500 | ||
|---|---|---|---|
| 001 | 000026297 | ||
| 003 | DO-SdBNP | ||
| 005 | 20250407115500.0 | ||
| 007 | ta | ||
| 008 | 110310s1997 dr 000 e spa d | ||
| 040 |
_aDO-SdBNP _bspa _cBNPHU _erda |
||
| 082 | 4 |
_a923 _bV468p _222 |
|
| 100 | 1 |
_aVentura, Juan _934784 _eautor _4aut. |
|
| 245 | 1 | 0 |
_aFiguras puertoplateñas / _cJuan Ventura. |
| 264 | 1 |
_aSanto Domingo : _bCantera Gráfica, _c1994 |
|
| 300 |
_avolumen ; _c21 cm. |
||
| 336 |
_2rdacontent _atexto _btxt |
||
| 337 |
_2rdamedia _asin medición _bn |
||
| 338 |
_2rdacarrier _avolumen _bnc |
||
| 500 | _aIncluye datos biográfico del autor en la contracubierta. | ||
| 504 | _aIncluye referencia bibliográficas y notas al pie de páginas. | ||
| 505 |
_aVolumen 1. _gIntroducción. _tGeneral Gregorio Luperón.-- General Ulises Heureaux.-- Lic. Emilio Prud‘Homme.-- Don Ricardo Limardo.-- Lic. Emilio Rodríguez Demorizi.-- Margarita Mears.-- José del Carmen Ariza T.-- Andrés Brugal y Montaner.-- Jaime Henry Colson Trenwell.-- Antera Mota.-- Mary Lithgow Pierce.-- José Dubeau Bremount.-- Lic. Luis José Dubús.-- Don Natalio Redondo.-- General Segundo Francisco Imbert.-- Dr. Hipólito Rodríguez Sánchez (Polo).-- _tFélix Gerónimo Escaño Peña.-- Don Pedro Ceballos León.-- Lic. Aramando Rodríguez Victoria.-- José Ramón López y Lora.--Lic. Francisco J. Peynado y Tuttlinger.-- Lic. Henry Enmanuel Ashton Hodge.-- Francisco Carlos Ortea y Kennedy.-- Jesús María Santos. |
||
| 590 | _aInventariado 2023 / MF | ||
| 651 | 4 |
_aPuerto Plata (República Dominicana{Rpara} _xBiografías _953328 |
|
| 651 | 4 |
_aPuerto Plata (República Dominicana{Rpara} _xHistoria Local _91943 |
|
| 651 | 4 |
_aCiudades y Pueblos _zRepública Dominicana _933769 |
|
| 942 |
_2ddc _cLBS1 |
||
| 999 |
_c25789 _d25789 |
||